Pamela Anderson Filmography - Statistics

General Stats
  • This quiz has been taken 47 times
    8 since last reset
  • The average score is 5 of 175
Answer Stats
Type Year Name % Correct
TV Show 1992-1997 Baywatch
80%
Film 2017 Baywatch
80%
Film 2025 The Naked Gun
80%
Film 1996 Barb Wire
40%
Commercial 1997 Hi Mobile Telephone
40%
TV Show 1997 Saturday Night Live
40%
TV Show 1990 Charles in Charge
20%
TV Special 2005 Comedy Central Roast of Pamela Anderson
20%
TV Show 1991-1993, 1997 Home Improvement
20%
Film 1994 Raw Justice
20%
Film 2003 Scary Movie 3
20%
TV Show 2005-2006 Stacked
20%
TV Special 2010 The Comedy Central Roast of David Hasselhoff
20%
Film 2024 The Last Showgirl
20%
TV Show 1995-1996 WWE Raw
20%
Award Show 1994 1994 Coca-Cola Australian Music Awards
0%
Award Show 2003 2003 CMT Music Awards
0%
TV Show 2001 2gether: The Series
0%
TV Show 2017 8 Out of 10 Cats
0%
TV Show 2005 8 Simple Rules
0%
Documentary Mini-Series 2024 After Baywatch: Moment in the Sun
0%
Theater 2009-2010 Aladdin
0%
TV Show 2017 All Round to Mrs. Brown's
0%
Film TBA Alma
0%
Film 2022 Alone at Night
0%
Commercial 1999 AltaVista
0%
TV Special 2008 America United: In Support of Our Troops
0%
TV Special 2011 A Russell Peters Christmas Special
0%
TV Show 2011 Bailando por un Sueño
0%
TV Show 2008 Battleground Earth: Ludacris vs. Tommy Lee
0%
TV Film 2003 Baywatch: Hawaiian Wedding
0%
Film 1995 Baywatch the Movie: Forbidden Paradise
0%
Film 1998 Baywatch: White Thunder at Glacier Bay
0%
TV Show 2008 Big Brother Australia
0%
TV Show 2015 Big Brother (Germany)
0%
TV Show 2010 Bigg Boss
0%
Documentary Series 2005 Biography
0%
Music Video 1994 Blind Man
0%
Film 2008 Blonde and Blonder
0%
Film 2006 Borat: Cultural Learnings of America for Make Benefit Glorious Nation of Kazakhstan
0%
Documentary Series 2001 Bravo Profiles
0%
Documentary Series 2018 Britain's Busiest Airport: Heathrow
0%
Award Show 2003 British Style Awards 2003
0%
TV Show 2012 Caldeirão do Huck
0%
TV Special 2010 Canada for Haiti
0%
Music Video 1993 Can't Have Your Cake (and Eat It Too)
0%
TV Show 2011 Celebrity Big Brother
0%
TV Show 2011, 2016-2017 Celebrity Juice
0%
TV Show 2012 Celebrity Vacation Homes
0%
Theater 2022 Chicago
0%
TV Show 2010 Chris Moyles Quiz Night
0%
Film 2018 City Hunter
0%
TV Film 1994 Come Die with Me: A Mickey Spillane's Mike Hammer Mystery
0%
Short Film 2015 Connected
0%
Film 2010 Costa Rican Summer
0%
TV Show 2013 Dancing on Ice
0%
TV Show 2010, 2012 Dancing with the Stars
0%
TV Show 2010 Dancing with the Stars (Australia)
0%
TV Show 2018 Danse avec les stars
0%
Music Video 1999 David Duchovny
0%
TV Show 1992 Days of Our Lives
0%
Documentary Series 2000 Diary
0%
Short Film 2016 Don't Be a Derk
0%
Music Video 2014 Earth Is the Loneliest Planet
0%
TV Show 2010 El hormiguero
0%
TV Special 2005 Elton John: The Red Piano
0%
Documentary Series 2001, 2004, 2005, 2006, 2009 E! True Hollywood Story
0%
TV Special 2009 Fabulously Richie
0%
TV Show 1990 Family Feud
0%
TV Show 2013 Fra Sydhavn til West Coast
0%
TV Show 1999 Futurama
0%
Music Video 1999 Get Naked
0%
Music Video 2012 Glamazon
0%
TV Show 2016 Gotham Comedy Live
0%
Music Video 2000 Hey Papi
0%
TV Show 1999-2003 Hollywood Squares
0%
Film 2011 Hollywood & Wine
0%
Documentary Mini-Series 1993 Hollywood Women
0%
Documentary 2007 I Am an Animal: The Story of Ingrid Newkirk and PETA
0%
TV Show 2012 I Get That a Lot
0%
Film 2014 Jackhammer
0%
TV Show 2001 Just Shoot Me!
0%
TV Show 2008 Kath & Kim
0%
TV Show 2002 King of the Hill
0%
TV Documentary 2012 La face cachée de la viande
0%
Music Video 2016 Le Lac
0%
TV Show 2003 Less than Perfect
0%
TV Show 2015 Love Advent
0%
Film TBA Love Is Not the Answer
0%
TV Show 2005 MADtv
0%
TV Show 1991 Married People
0%
TV Show 1990, 1991 Married... with Children
0%
TV Show 2018, 2019 Match Game
0%
Music Video 2000 Miserable
0%
TV Special 2003 MTV Bash: Carson Daly
0%
Film 1996 Naked Souls
0%
Film 2019 Nicky Larson et le Parfum de Cupidon
0%
Film 2005 No Rules
0%
TV Show 2013 Package Deal
0%
Documentary 2023 Pamela: A Love Story
0%
TV Documentary 2022 Pamela Anderson & Tommy Lee - Sexe, Romance et Video
0%
TV Show 2025 Pamela's Cooking with Love
0%
TV Show 2022-2023 Pamela's Garden of Eden
0%
TV Show 2008 Pam: Girl on the Loose
0%
Film 1995 Pam & Tommy Lee: Stolen Honeymoon
0%
TV Special 2010 Paramount Studios New Year's Eve Concert
0%
Film 2003 Pauly Shore Is Dead
0%
Commercial 1996 Pizza Hut
0%
Film TBA Place to Be
0%
TV Documentary 2006 Playboy: Celebrity Centerfolds
0%
TV Documentary 2002 Playboy: Inside the Playboy Mansion
0%
Documentary 1992 Playboy: Playmate Private Pleasures
0%
Documentary 1992 Playboy: Playmates in Paradise
0%
TV Special 2003 Playboy's 50th Anniversary Celebration
0%
Documentary 1991 Playboy: Sexy Lingerie III
0%
Documentary 1993 Playboy: Sexy, Steamy, Sultry
0%
Documentary 1995 Playboy: The Best of Pamela Anderson
0%
Documentary 2002 Playboy: The Ultimate Pamela Anderson
0%
Documentary 1992 Playboy Video Centerfold: Pamela Anderson
0%
Documentary 1991 Playboy: Wet & Wild III
0%
TV Show 2013 Promi Big Brother
0%
TV Show 2003 Punk'd
0%
Film TBA Queen of the Falls
0%
Film TBA Rosebush Pruning
0%
TV Show 2012 RuPaul's Drag Race
0%
Film 2002 Scooby-Doo
0%
Documentary 2007 See You in Vegas
0%
Music Video 1990 Shelter Me
0%
TV Show 1999 Sin City Spectacular
0%
Film 1993 Snapdragon
0%
Film 2017 SPF-18
0%
TV Show 2003-2004 Stripperella
0%
Film 2008 Superhero Movie
0%
TV Mini-Series 2017 Sur-Vie
0%
TV Show 2000 TFI Friday
0%
Award Show 2006 The 35th Annual Juno Awards
0%
Commercial 2003 The Alexis Vogel System
0%
TV Special 2016 The Big Fat Quiz of the Year
0%
TV Show 2018 The Big Narstie Show
0%
Documentary 2013 The Carrier
0%
TV Show 2000 The Chris Rock Show
0%
Short Film 2010 The Commuter
0%
TV Show 2016 The Dr. Oz Show
0%
TV Special 2010 The EuroVoice Song Contest 2010
0%
TV Show 2002, 2004 The Frank Skinner Show
0%
TV Show 2007, 2008 The Girls Next Door
0%
TV Show 2019 The Hills: New Beginnings
0%
Documentary 2002 The Making of Bret Michaels
0%
TV Show 1997 The Nanny
0%
Commercial 2001 The Nashville Network
0%
Film 2016 The People Garden
0%
TV Show 2008 The Sunday Night Project
0%
Film 1991 The Taking of Beverly Hills
0%
Documentary Mini-Series 2004 The Ultimate Hollywood Blonde
0%
Documentary Series 1994 This Is Your Life
0%
TV Show 2017 Through the Keyhole
0%
TV Show 1991 Top of the Heap
0%
Music Video 2006 Touch the Sky
0%
Commercial 2006 TV Land
0%
Commercial 1996 Uncle Toby's VitaBrits
0%
Documentary 2015 Unity
0%
TV Show 2011 Ushi & the Family
0%
TV Show 1998-2002 V.I.P.
0%
TV Show 2012 VIP Brother
0%
Commercial 2010 Walkers Crisps
0%
TV Show 2000 Wanna Bet?
0%
Documentary 2018 Westwood: Punk, Icon, Activist
0%
Film 2014 What Are Men Doing! 2
0%
TV Show 1993 What's Up Doc?
0%
TV Documentary 2004 When Playboy Ruled the World
0%
Documentary 2016 Wild History
0%
Theater 2016 Winnie the Pooh
0%
TV Show 1995 WWF Superstars
0%
TV Show 2012 Yalan Dünya
0%
Music Video 2002 You Never Met a Motherf**ker Quite Like Me
0%
No matching quizzes found
Score Distribution
Percent of People with Each Score
Percentile by Number Answered
Your Score History
You have not taken this quiz since the last reset